| 000 | 00546nam a2200205 a 4500 | ||
|---|---|---|---|
| 001 | nice12345678 | ||
| 003 | IN_TiNIC | ||
| 005 | 20260116011518.0 | ||
| 008 | 070918s1938 leia grp 000 0 eng | ||
| 020 |
_a _c100 |
||
| 082 | 0 | 0 |
_a297.03 _bENC5 |
| 245 |
_aEncyclopaedia of Islam _b Index of Proper Names |
||
| 260 |
_aLeiden _bE. J. Brill _c1938 |
||
| 500 | _aincludes index and biblioraphy | ||
| 650 | _aEncyclopeadia of Islam-Brill Indexe | ||
| 710 | 2 | _aAcademics International Union | |
| 902 | _bRHR | ||
| 942 | _cBK | ||
| 999 |
_c2186 _d2186 |
||